[Event "Saarland-ch B 85th"]
[Site "Homburg"]
[Date "2010.04.01"]
[Round "7"]
[White "Kaum, Roland"]
[Black "Wagner, Horst"]
[Result "0-1"]
[WhiteElo "1428"]
[BlackElo "1644"]
[PlyCount "118"]
[EventDate "2010.03.28"]
[EventType "swiss"]
[EventRounds "9"]
[EventCountry "GER"]
[SourceTitle "EXT 2011"]
[Source "ChessBase"]
[SourceDate "2010.11.26"]
[SourceVersion "1"]
[SourceVersionDate "2010.11.26"]
[SourceQuality "1"]

1. d4 Nf6 2. Nf3 d5 3. g3 e6 4. Bg2 c5 5. e3 Nc6 6. 0-0 Bd7 7. c3 cxd4 8. exd4 Bd6 9. Re1 Qc7 10. Qe2 h6 11. Nbd2 g5 12. Nb3 Ne4 13. Ne5 Bxe5 14. Bxe4 dxe4 15. dxe5 Qxe5 16. Qxe4 Qxe4 17. Rxe4 0-0-0 18. Nc5 b6 19. Nxd7 Rxd7 20. Re1 Rhd8 21. Be3 Rd3 22. Rac1 Ne5 23. Kg2 Nc4 24. Rc2 Rd1 25. Ree2 Ra1 26. b3 Nxe3+ 27. fxe3 g4 28. e4 Rdd1 29. Kf2 Rd3 30. Re3 Rf1+ 31. Kxf1 Rxe3 32. c4 Rxe4 33. c5 Kb7 34. cxb6 axb6 35. Kg2 f5 36. h3 h5 37. hxg4 hxg4 38. Kf2 b5 39. a3 Rd4 40. Rc3 Kb6 41. Re3 Rd6 42. b4 Kc6 43. Ke2 Kd7 44. Re5 Rd5 45. Re3 Kd6 46. Rc3 Ke7 47. Ke3 Rd1 48. Ke2 Ra1 49. Ke3 e5 50. Kf2 Ra2+ 51. Kg1 Kd6 52. Rd3+ Ke6 53. Rc3 f4 54. gxf4 exf4 55. Rc5 g3 56. Rc1 Kf5 57. Rc8 Kg4 58. Kf1 Rxa3 59. Rd8 Ra1+ 0-1

[Event "Saarland-ch B 85th"]
[Site "Homburg"]
[Date "2010.03.31"]
[Round "6"]
[White "Trienens, Thomas"]
[Black "Kaum, Roland"]
[Result "0-1"]
[WhiteElo "1460"]
[BlackElo "1428"]
[PlyCount "54"]
[EventDate "2010.03.28"]
[EventType "swiss"]
[EventRounds "9"]
[EventCountry "GER"]
[SourceTitle "EXT 2011"]
[Source "ChessBase"]
[SourceDate "2010.11.26"]
[SourceVersion "1"]
[SourceVersionDate "2010.11.26"]
[SourceQuality "1"]

1. e4 e6 2. Nc3 g6 3. Nf3 Bg7 4. d4 d5 5. e5 c6 6. Be2 h6 7. 0-0 Ne7 8. Na4 Nd7 9. b3 b5 10. Nc3 a5 11. a3 Ba6 12. Bd2 Nf5 13. Be3 Bb7 14. Na2 Bf8 15. Nc1 Ba6 16. Nd3 Nh4 17. Nd2 Be7 18. Nb2 Bg5 19. c4 Nf5 20. g4 Nxe3 21. fxe3 Bxe3+ 22. Kg2 Bxd4 23. Qc2 Nxe5 24. cxd5 Qxd5+ 25. Nf3 Nxg4 26. Rad1 Ne3+ 27. Kh1 Nxc2 0-1

[Event "Saarland-ch B"]
[Site "Schiffweiler"]
[Date "2009.04.06"]
[Round "4"]
[White "Kaum, Roland"]
[Black "Holle, Eric"]
[Result "0-1"]
[WhiteElo "1466"]
[BlackElo "1765"]
[PlyCount "58"]
[EventDate "2009.04.03"]
[EventType "swiss"]
[EventRounds "9"]
[EventCountry "GER"]
[SourceTitle "EXT 2012"]
[Source "ChessBase"]
[SourceDate "2011.11.24"]
[SourceVersion "1"]
[SourceVersionDate "2011.11.24"]
[SourceQuality "1"]

1. d4 Nf6 2. c4 e6 3. Nc3 c5 4. d5 exd5 5. Nxd5 g6 6. Nf3 Bg7 7. e3 d6 8. Bd3 0-0 9. h3 Re8 10. 0-0 Nbd7 11. Qc2 Ne5 12. Nxe5 Nxd5 13. cxd5 Bxe5 14. e4 a6 15. a4 Bd7 16. Be3 b5 17. axb5 axb5 18. f4 Bf6 19. Be2 Rxa1 20. Rxa1 Qe7 21. Bf3 Bf5 22. exf5 Qxe3+ 23. Kh1 Qxf4 24. fxg6 Be5 25. gxf7+ Kxf7 26. Ra7+ Kg8 27. Qxh7+ Kf8 28. Kg1 Bd4+ 29. Kh1 Re1# 0-1

[Event "Saarland-ch B"]
[Site "Eppelborn"]
[Date "2008.03.26"]
[Round "2"]
[White "Kaum, Roland"]
[Black "Himmel, Winfried"]
[Result "0-1"]
[WhiteElo "1448"]
[BlackElo "1565"]
[PlyCount "86"]
[EventDate "2008.03.14"]
[EventType "swiss"]
[EventRounds "7"]
[EventCountry "GER"]
[SourceTitle "EXT 2010"]
[Source "ChessBase"]
[SourceDate "2010.11.25"]
[SourceVersion "1"]
[SourceVersionDate "2010.11.25"]
[SourceQuality "1"]

1. d4 d6 2. Nf3 g6 3. Bf4 Bg7 4. Nbd2 Nf6 5. c3 b6 6. e3 Nbd7 7. Be2 0-0 8. 0-0 Bb7 9. Rc1 Nh5 10. Ne1 Nxf4 11. exf4 e6 12. Bf3 Qc8 13. Bxb7 Qxb7 14. Nef3 Rac8 15. Qa4 Nf6 16. Rfe1 a5 17. Re2 Qd5 18. Rce1 Qh5 19. Ne4 Nd5 20. Ng3 Qh6 21. f5 exf5 22. Qc6 Nf6 23. Re7 Qf4 24. Rxc7 Rxc7 25. Qxc7 h5 26. Ne2 Qh6 27. Qxd6 g5 28. Ng3 f4 29. Nf5 Qh7 30. Nxg7 Qxg7 31. Re5 Nh7 32. Qxb6 h4 33. Qxa5 h3 34. Nxg5 Qg6 35. Rf5 Re8 36. gxh3 f6 37. Qd5+ Kh8 38. Rxf4 Nxg5 39. Kg2 Qh5 40. h4 Rg8 41. f3 Ne6+ 42. Rg4 Rxg4+ 43. fxg4 Qxd5+ 0-1

[Event "Saarland-ch B"]
[Site "Eppelborn"]
[Date "2008.03.26"]
[Round "5"]
[White "Kaum, Roland"]
[Black "Kornmann, Karina"]
[Result "0-1"]
[WhiteElo "1448"]
[BlackElo "1467"]
[PlyCount "64"]
[EventDate "2008.03.14"]
[EventType "swiss"]
[EventRounds "7"]
[EventCountry "GER"]
[SourceTitle "EXT 2010"]
[Source "ChessBase"]
[SourceDate "2010.11.25"]
[SourceVersion "1"]
[SourceVersionDate "2010.11.25"]
[SourceQuality "1"]

1. d4 d5 2. c4 Nf6 3. Nc3 e6 4. a3 c5 5. cxd5 cxd4 6. Qxd4 Nc6 7. Qd1 exd5 8. Bg5 d4 9. Bxf6 Qxf6 10. Ne4 Qf4 11. Nd2 Bc5 12. Ngf3 0-0 13. g3 Qh6 14. Bg2 Bh3 15. 0-0 Bxg2 16. Kxg2 Rad8 17. Nb3 Bb6 18. Qd3 Rfe8 19. Rad1 Qe6 20. Rfe1 Qd5 21. Kg1 Ne5 22. Nxe5 Rxe5 23. e3 dxe3 24. Rxe3 Rxe3 25. Qxd5 Rxd5 26. Rxd5 Rxb3 27. Rd7 g6 28. Rxb7 Rxb2 29. Rd7 Rxf2 30. Kh1 Ra2 31. Rd3 Bc5 32. Rc3 Bxa3 0-1

[Event "Saarland-ch B"]
[Site "Eppelborn"]
[Date "2008.03.26"]
[Round "3"]
[White "Kaum, Roland"]
[Black "Luy, Markus"]
[Result "1/2-1/2"]
[WhiteElo "1448"]
[BlackElo "1544"]
[PlyCount "68"]
[EventDate "2008.03.14"]
[EventType "swiss"]
[EventRounds "7"]
[EventCountry "GER"]
[SourceTitle "EXT 2010"]
[Source "ChessBase"]
[SourceDate "2010.11.25"]
[SourceVersion "1"]
[SourceVersionDate "2010.11.25"]
[SourceQuality "1"]

1. Nf3 d5 2. Nc3 c5 3. d4 cxd4 4. Qxd4 Nf6 5. e3 Nc6 6. Bb5 Bd7 7. Bxc6 Bxc6 8. 0-0 e6 9. Ne5 Bd6 10. Nxc6 bxc6 11. f4 0-0 12. b4 Qe7 13. a3 c5 14. bxc5 Bxc5 15. Qd3 Rab8 16. Ne2 Rfc8 17. Nd4 Bxd4 18. exd4 Ne4 19. Bd2 Rc4 20. Bb4 Qc7 21. Rac1 Rc8 22. f5 exf5 23. Rxf5 Qd7 24. Rf3 Qa4 25. Rcf1 f6 26. Rf5 Qd7 27. Qb3 Rxd4 28. Qe3 Rdc4 29. Qd3 Qc7 30. Qxd5+ Kh8 31. R5f4 Qb6+ 32. Kh1 Qd4 33. Qb7 Qe3 34. R4f3 Qd4 1/2-1/2

[Event "Saarland-ch B"]
[Site "Eppelborn"]
[Date "2008.03.26"]
[Round "4"]
[White "Ley, Stefan"]
[Black "Kaum, Roland"]
[Result "1/2-1/2"]
[WhiteElo "1562"]
[BlackElo "1448"]
[PlyCount "100"]
[EventDate "2008.03.14"]
[EventType "swiss"]
[EventRounds "7"]
[EventCountry "GER"]
[SourceTitle "EXT 2010"]
[Source "ChessBase"]
[SourceDate "2010.11.25"]
[SourceVersion "1"]
[SourceVersionDate "2010.11.25"]
[SourceQuality "1"]

1. e4 e6 2. d4 d5 3. Nd2 dxe4 4. Nxe4 Nf6 5. Ng3 h6 6. Nf3 Bd6 7. Bd3 b6 8. Qe2 Bb7 9. Bd2 Qe7 10. 0-0-0 Nc6 11. c3 0-0-0 12. Ne4 Nxe4 13. Bxe4 Na5 14. Bd3 Qd7 15. b4 Nc6 16. Bb5 Qe7 17. Rhe1 Qf8 18. Ne5 Nxe5 19. dxe5 Be7 20. Be3 Rd5 21. Rxd5 Bxd5 22. Ba6+ Bb7 23. Bxb7+ Kxb7 24. Rd1 Qe8 25. b5 c5 26. Qd3 Qc8 27. Qe4+ Kb8 28. c4 Rd8 29. Rxd8 Qxd8 30. Kc2 Qd7 31. a4 Qb7 32. Qg4 Bf8 33. h4 a6 34. Kd3 axb5 35. axb5 Qa7 36. h5 Qb7 37. Bd2 Qd7+ 38. Ke2 Kc8 39. Qe4 Qb7 40. Qg4 Qe7 41. Bc3 Qd7 42. f4 Kb8 43. Qh3 Be7 44. g4 f5 45. gxf5 exf5 46. Qf3 Qe8 47. e6 Bf6 48. Bxf6 gxf6 49. Qc6 Qxh5+ 50. Kf1 Qd1+ 1/2-1/2

[Event "Saarland-ch C"]
[Site "Saarlouis Steinrausch"]
[Date "2005.03.22"]
[Round "5"]
[White "Luxenburger, Melanie"]
[Black "Kaum, Roland"]
[Result "1/2-1/2"]
[WhiteElo "1242"]
[BlackElo "1402"]
[PlyCount "65"]
[EventDate "2005.03.18"]
[EventType "swiss"]
[EventRounds "9"]
[EventCountry "GER"]
[SourceTitle "EXT 2012"]
[Source "ChessBase"]
[SourceDate "2011.11.24"]
[SourceVersion "1"]
[SourceVersionDate "2011.11.24"]
[SourceQuality "1"]

1. c4 e5 2. Nc3 Nf6 3. g3 d5 4. cxd5 Nxd5 5. Bg2 Nxc3 6. bxc3 Bd6 7. Nf3 0-0 8. 0-0 Nc6 9. d4 exd4 10. cxd4 Re8 11. e3 Bg4 12. Bb2 Rb8 13. Qb3 Qe7 14. Qc3 Bb4 15. Qc4 Na5 16. Qd3 c6 17. Ne5 Be6 18. Bc3 Bxc3 19. Qxc3 f6 20. Qxa5 fxe5 21. Qxe5 Bc4 22. Qxe7 Rxe7 23. Rfc1 Bf7 24. a3 Rd8 25. Rc5 a6 26. Rb1 g6 27. Rd1 Kg7 28. Bf3 Kf6 29. Kf1 Rdd7 30. Ke2 Bd5 31. Bg4 Be6 32. Bf3 Bd5 33. Bg4 1/2-1/2

[Event "Saarland-ch C"]
[Site "Saarlouis Steinrausch"]
[Date "2005.03.21"]
[Round "4"]
[White "Kaum, Roland"]
[Black "Ludwig, Lisa"]
[Result "1/2-1/2"]
[WhiteElo "1402"]
[BlackElo "1303"]
[PlyCount "38"]
[EventDate "2005.03.18"]
[EventType "swiss"]
[EventRounds "9"]
[EventCountry "GER"]
[SourceTitle "EXT 2012"]
[Source "ChessBase"]
[SourceDate "2011.11.24"]
[SourceVersion "1"]
[SourceVersionDate "2011.11.24"]
[SourceQuality "1"]

1. d4 e6 2. Nf3 d5 3. e3 c5 4. Be2 Nc6 5. 0-0 Be7 6. c3 Nf6 7. b3 0-0 8. Bb2 Bd7 9. Nbd2 a6 10. Bd3 b5 11. dxc5 Bxc5 12. Rc1 e5 13. Bb1 e4 14. Nd4 Nxd4 15. cxd4 Bd6 16. f3 Re8 17. g4 Rc8 18. Rxc8 Qxc8 19. Re1 Bb4 1/2-1/2